| 000 | 01186cam a2200361 i 4500 | ||
|---|---|---|---|
| 999 |
_c200442241 _d60453 |
||
| 001 | 200442241 | ||
| 003 | TR-AnTOB | ||
| 005 | 20230102151306.0 | ||
| 007 | ta | ||
| 008 | 011212s2001 tu d 00000 tur d | ||
| 020 | _a9755125639 | ||
| 020 | _a9789755125633 | ||
| 035 | _a(OCoLC)823578308 | ||
| 040 |
_aSULEY _beng _erda _cSULEY _dTR-AnTOB |
||
| 041 | 0 | _atur | |
| 050 | 0 | 0 |
_aHD2346.T9 _bİ48 2001 |
| 090 |
_aHD2346.T9 _bİ48 2001 |
||
| 100 |
_aİlter, Melih H. _eauthor _96745 |
||
| 245 | 1 | 0 |
_aAile şirketleri'nde kurumsallaşma ve KOBİ'lerin yönetim sorunları / _cH. Melih İlter. |
| 264 | 1 |
_aİstanbul : _bİstanbul Ticaret Odası, _c2001. |
|
| 300 |
_a62 pages ; _c24 cm |
||
| 336 |
_atext _btxt _2rdacontent |
||
| 337 |
_aunmediated _bn _2rdamedia |
||
| 338 |
_avolume _bnc _2rdacarrier |
||
| 490 | 0 |
_aİstanbul Ticaret Odası. Yayın No ; _v2001-19. |
|
| 650 | 7 |
_aKüçük işletmeler _xYönetim _zTürkiye _2etuturkob _96746 |
|
| 651 | 0 |
_aTurkey _xEconomic conditions _9533 |
|
| 653 | _aSmall business-Turkey--Management | ||
| 710 | 2 |
_aİstanbul Ticaret Odası _93615 |
|
| 942 |
_2z _cBK |
||